South America past and present.
Guardat en:
| Autor principal: | |
|---|---|
| Format: | Llibre |
| Idioma: | anglès |
| Publicat: |
New York, USA
J. N. Matthews
1919
|
| Edició: | Segunda edición |
| Matèries: | |
| Etiquetes: |
Afegir etiqueta
Sense etiquetes, Sigues el primer a etiquetar aquest registre!
|
MARC
| LEADER | 00000nam a2200000 a 4500 | ||
|---|---|---|---|
| 001 | UCJ4232 | ||
| 003 | CL-VaPUC | ||
| 005 | 20240531152428.0 | ||
| 008 | 070124e19190000US |||||||||||||||||eng|d | ||
| 999 | |c 320349 |d 320347 | ||
| 040 | |c Pontificia Universidad Católica de Valparaíso | ||
| 082 | 0 | 4 | |a 910.4 BOL 1919 |2 21 |
| 100 | 0 | |a Bollo, Luis Cincinato |9 507488 | |
| 245 | 1 | 0 | |a South America past and present. |
| 250 | |a Segunda edición | ||
| 260 | 0 | 3 | |a New York, USA |b J. N. Matthews |c 1919 |
| 300 | |a 218 páginas. | ||
| 500 | |a Set de mapas completo; mapa de Sudamérica con los límites existentes a comienzos del siglo XX | ||
| 583 | |a last modification |c 20070124 00:00:00 |k Rodrigo Vera | ||
| 600 | 0 | 7 | |a RODO, JOSE ENRIQUE |2 CL-VaPUC |9 313720 |
| 650 | 0 | |a Historia |9 255047 | |
| 650 | 0 | |a Geografía |9 259346 | |
| 650 | 0 | |a Recursos naturales |9 255232 | |
| 650 | 0 | |a Aborígenes |9 329972 | |
| 650 | 7 | |a ORGANIZACION POLITICA |2 CL-VaPUC |9 257437 | |
| 650 | 0 | |a Transporte marítimo |9 260127 | |
| 650 | 0 | |a Ferrocarriles |9 260933 | |
| 650 | 0 | |a Agricultura |9 255598 | |
| 650 | 0 | |a Mapas |9 260844 | |
| 650 | 0 | |a Estadísticas |9 258644 | |
| 650 | 0 | |a Comercio |9 255341 | |
| 650 | 0 | |a Moneda |9 342365 | |
| 650 | 7 | |a PESOS Y MEDIDAS |2 CL-VaPUC |9 504825 | |
| 650 | 7 | |a EQUIVALENCIAS |2 CL-VaPUC |9 507489 | |
| 650 | 0 | |a Iconografía |9 267998 | |
| 651 | 0 | |a América del Sur |9 260128 | |
| 942 | |c BK |2 ddc | ||
| 945 | |d 20070124 00:00:00 |a rinostro | ||
| 952 | |0 0 |1 0 |2 ddc |4 0 |6 910_400000000000000_BOL_1919 |7 0 |8 X |9 398856 |a FDOBUD |b FDOBUD |d 2019-11-22 |i 1015605 |o 910.4 BOL 1919 |p 1015605 |r 2019-11-22 |t 1 |w 2019-11-22 |y BK_X |k BUD | ||